[Event "Bayern-chI Bank Hofmann 21st"]
[Site "Tegernsee"]
[Date "2017.10.30"]
[Round "3"]
[White "Chu, Wei Chao"]
[Black "Frank, Werner"]
[Result "1-0"]
[WhiteElo "2340"]
[BlackElo "1890"]
[PlyCount "67"]
[EventDate "2017.10.28"]
[EventType "swiss"]
[EventRounds "9"]
[EventCountry "GER"]
[SourceTitle "CBM 181 Extra"]
[Source "ChessBase"]
[SourceDate "2017.12.12"]
[SourceVersion "1"]
[SourceVersionDate "2017.12.12"]
[SourceQuality "1"]

1. Nf3 d5 2. c4 c6 3. d4 e6 4. g3 dxc4 5. Bg2 Nf6 6. 0-0 Be7 7. Ne5 Nbd7 8. Nxc4 0-0 9. Nc3 Nb6 10. Ne5 Nfd7 11. Qc2 Bf6 12. Rd1 Qe7 13. Ng4 e5 14. Nxf6+ Qxf6 15. Be3 Qg6 16. Qxg6 hxg6 17. d5 cxd5 18. Nxd5 Nxd5 19. Rxd5 Re8 20. Rc1 Nb6 21. Ra5 Be6 22. b3 Rac8 23. Bxb7 Rxc1+ 24. Bxc1 Rd8 25. Kg2 Nd5 26. Bb2 e4 27. Bd4 Nf4+ 28. gxf4 Rxd4 29. e3 Rd7 30. Bxe4 f5 31. Bc6 Rc7 32. Bd5 Kf7 33. Bxe6+ Kxe6 34. Ra6+ 1-0

[Event "Mittelfranken-chTB2a 1415"]
[Site "Mittelfranken"]
[Date "2014.12.14"]
[Round "4.7"]
[White "Alsheimer, Lea"]
[Black "Frank, Werner"]
[Result "1/2-1/2"]
[WhiteElo "1642"]
[BlackElo "1840"]
[PlyCount "76"]
[EventDate "2014.09.28"]
[EventType "team-tourn"]
[EventRounds "9"]
[EventCountry "GER"]
[SourceTitle "EXT 2020"]
[Source "ChessBase"]
[SourceDate "2019.10.17"]
[SourceVersion "1"]
[SourceVersionDate "2019.10.17"]
[SourceQuality "1"]
[WhiteTeam "Bechhofen II"]
[BlackTeam "Heilsbronn"]
[WhiteTeamCountry "GER"]
[BlackTeamCountry "GER"]

1. e4 e5 2. Nf3 d6 3. Bc4 Be6 4. Bxe6 fxe6 5. d4 exd4 6. Nxd4 Nf6 7. Nc3 Qd7 8. Bg5 Nc6 9. Bxf6 gxf6 10. Qh5+ Qf7 11. Qxf7+ Kxf7 12. Nxc6 bxc6 13. 0-0-0 Bh6+ 14. Kb1 Rab8 15. g3 Rb6 16. f4 Rhb8 17. b3 d5 18. Rhe1 Bf8 19. exd5 cxd5 20. f5 Bb4 21. fxe6+ Kg7 22. Nxd5 Bxe1 23. Nxb6 Rxb6 24. Rxe1 Kf8 25. e7+ Ke8 26. Kb2 Rd6 27. Kc3 a5 28. Re2 h5 29. Kc4 Rb6 30. a4 Rb8 31. Kc5 Rb6 32. h4 Rb4 33. Kc6 Rg4 34. Re3 f5 35. Kxc7 f4 36. gxf4 Rxf4 37. Kd6 Rd4+ 38. Ke6 Re4+ 1/2-1/2

[Event "Wuerttemberg-ch Seniors op 25th"]
[Site "Freudenstadt"]
[Date "2013.07.06"]
[Round "7"]
[White "Frank, Werner"]
[Black "Cichy, Michael"]
[Result "1/2-1/2"]
[WhiteElo "1990"]
[BlackElo "1992"]
[PlyCount "85"]
[EventDate "2013.07.06"]
[EventType "swiss"]
[EventRounds "9"]
[EventCountry "GER"]
[SourceTitle "EXT 2019"]
[Source "ChessBase"]
[SourceDate "2018.10.10"]
[SourceVersion "1"]
[SourceVersionDate "2018.10.10"]
[SourceQuality "1"]

1. d4 Nf6 2. c4 e6 3. g3 Bb4+ 4. Bd2 Qe7 5. Bg2 Nc6 6. Nf3 Bxd2+ 7. Nbxd2 d6 8. h3 e5 9. d5 Nb8 10. e4 a5 11. 0-0 0-0 12. b3 Na6 13. a3 c6 14. dxc6 bxc6 15. Qe2 Rb8 16. Rab1 Nd7 17. Rfd1 Ndc5 18. Nh4 g6 19. Qe3 Kg7 20. Qc3 Qc7 21. f4 Ne6 22. fxe5 dxe5 23. Nhf3 f6 24. b4 axb4 25. axb4 c5 26. b5 Nb4 27. Nb3 Ra8 28. Rd2 Bb7 29. Ne1 Nd4 30. Kh2 Ra4 31. Rdb2 Nxb3 32. Rxb3 Rd8 33. Ra3 Rxa3 34. Qxa3 Rd2 35. Qe3 Rd4 36. Rc1 Qf7 37. Qe2 Qd7 38. Ra1 Qd8 39. Ra7 Qb6 40. Ra3 Qd8 41. Ra7 Qb6 42. Ra3 Qd8 43. Ra7 1/2-1/2

[Event "Bayern-chI Bank Hofmann 14th"]
[Site "Bad Wiessee"]
[Date "2010.10.30"]
[Round "1"]
[White "Abergel, Thal"]
[Black "Frank, Werner"]
[Result "1-0"]
[WhiteElo "2521"]
[BlackElo "1998"]
[PlyCount "59"]
[EventDate "2010.10.30"]
[EventType "swiss"]
[EventRounds "9"]
[EventCountry "GER"]
[SourceTitle "EXT 2011"]
[Source "ChessBase"]
[SourceDate "2010.11.26"]
[SourceVersion "1"]
[SourceVersionDate "2010.11.26"]
[SourceQuality "1"]

1. e4 c5 2. Nc3 Nc6 3. Bb5 g6 4. Bxc6 dxc6 5. d3 Bg7 6. Be3 b6 7. f4 Nh6 8. h3 Bd4 9. Qd2 f5 10. Nf3 Be6 11. 0-0-0 Qd7 12. Ne2 Bxe3 13. Qxe3 0-0-0 14. d4 fxe4 15. dxc5 Qc7 16. cxb6 axb6 17. Qxe4 Bd5 18. Qd3 Kb7 19. Qc3 Nf5 20. Kb1 Ra8 21. a3 Nd6 22. Rhe1 Rhf8 23. Ng5 Nb5 24. Qb4 Bg8 25. Nd4 Nxa3+ 26. bxa3 c5 27. Nge6 cxb4 28. Nxc7 Kxc7 29. Rxe7+ Kc8 30. Nc6 1-0

[Event "GER-ch Seniors 18th"]
[Site "Dresden"]
[Date "2006.07.29"]
[Round "8"]
[White "Frank, Werner"]
[Black "Packroff, Hermann"]
[Result "0-1"]
[WhiteElo "2105"]
[BlackElo "2192"]
[PlyCount "104"]
[EventDate "2006.07.22"]
[EventType "swiss"]
[EventRounds "9"]
[EventCountry "GER"]
[SourceTitle "CBM 113 Extra"]
[Source "ChessBase"]
[SourceDate "2006.09.14"]
[SourceVersion "1"]
[SourceVersionDate "2006.09.14"]
[SourceQuality "1"]

1. d4 Nf6 2. Nf3 g6 3. c4 Bg7 4. g3 c6 5. Bg2 0-0 6. d5 cxd5 7. cxd5 Qa5+ 8. Bd2 Qxd5 9. Nc3 Qa5 10. e4 d6 11. Rc1 Nc6 12. 0-0 h6 13. Qb3 Qb4 14. Qc2 Qc5 15. Qb1 Qa5 16. Rfd1 Be6 17. Nd5 Qd8 18. Nxf6+ exf6 19. Bf4 Ne5 20. Nd4 Bd7 21. Rd2 Re8 22. Nc2 Be6 23. Rcd1 Bf8 24. b3 Qa5 25. h3 Rac8 26. Be3 Nc6 27. Qb2 Kg7 28. Nd4 Bd7 29. f4 d5 30. Nxc6 bxc6 31. Bd4 Bc5 32. exd5 cxd5 33. Kh2 Bxd4 34. Qxd4 Be6 35. g4 Qc5 36. f5 gxf5 37. gxf5 Bxf5 38. Qxd5 Qxd5 39. Rxd5 Be4 40. R5d2 f5 41. Bf1 Rc7 42. Bc4 Rce7 43. Rd6 f4 44. Rg1+ Bg6 45. Kg2 Kh7 46. Kf2 Re3 47. Rg4 Rxh3 48. Rxf4 Re7 49. a4 Kg7 50. b4 Rh2+ 51. Kf3 Rb2 52. b5 Bh5+ 0-1

[Event "Wuerttemberg-ch Seniors 18th"]
[Site "Freudenstadt"]
[Date "2006.05.11"]
[Round "8"]
[White "Xander, Karl"]
[Black "Frank, Werner"]
[Result "0-1"]
[WhiteElo "1827"]
[BlackElo "1933"]
[PlyCount "83"]
[EventDate "2006.05.04"]
[EventType "swiss"]
[EventRounds "9"]
[EventCountry "GER"]
[SourceTitle "EXT 2007"]
[Source "ChessBase"]
[SourceDate "2006.11.23"]
[SourceVersion "1"]
[SourceVersionDate "2006.11.23"]
[SourceQuality "1"]

1. e4 d5 2. exd5 Qxd5 3. Nc3 Qa5 4. d4 c6 5. Be2 Bf5 6. Nf3 Nf6 7. 0-0 e6 8. Bd2 Nbd7 9. Re1 Qc7 10. Rc1 Bd6 11. h3 h6 12. Be3 g5 13. d5 exd5 14. Bd3 Be6 15. Nd4 Rg8 16. Nxe6 fxe6 17. Bf5 e5 18. Nb1 0-0-0 19. c4 d4 20. c5 Be7 21. Bxd4 Kb8 22. Qc2 g4 23. hxg4 Nxg4 24. Bxg4 Rxg4 25. Be3 e4 26. Red1 Rdg8 27. Qd2 Ne5 28. Kf1 Nd3 29. Rc3 Rxg2 30. Rxd3 Rg1+ 31. Ke2 Rxd1 32. Qxd1 exd3+ 33. Qxd3 Bg5 34. Nc3 Rd8 35. Qf5 Bxe3 36. fxe3 Re8 37. Ne4 Qe5 38. Qxe5+ Rxe5 39. Kf3 h5 40. Kf4 Rd5 41. a3 Kc7 42. b4 0-1

[Event "Wuerttemberg-ch Seniors 18th"]
[Site "Freudenstadt"]
[Date "2006.05.08"]
[Round "5"]
[White "Frank, Werner"]
[Black "Petroschka, Bernd"]
[Result "1-0"]
[WhiteElo "1933"]
[BlackElo "1758"]
[PlyCount "85"]
[EventDate "2006.05.04"]
[EventType "swiss"]
[EventRounds "9"]
[EventCountry "GER"]
[SourceTitle "EXT 2007"]
[Source "ChessBase"]
[SourceDate "2006.11.23"]
[SourceVersion "1"]
[SourceVersionDate "2006.11.23"]
[SourceQuality "1"]

1. d4 d5 2. Nf3 Nf6 3. c4 e6 4. Nc3 c5 5. cxd5 exd5 6. g3 b6 7. Bg2 Bb7 8. 0-0 Nbd7 9. Qa4 a6 10. dxc5 b5 11. Qh4 Bxc5 12. Bg5 h6 13. Rad1 0-0 14. Bxf6 Nxf6 15. Nd4 Ne4 16. Nxe4 Qxh4 17. gxh4 Bxd4 18. Rxd4 dxe4 19. Bxe4 Bxe4 20. Rxe4 Rfe8 21. Rxe8+ Rxe8 22. e3 Re4 23. Rd1 Rg4+ 24. Kh1 Rxh4 25. b3 a5 26. a3 Rh5 27. Rd8+ Kh7 28. Ra8 a4 29. bxa4 bxa4 30. Rxa4 f6 31. Kg2 Rf5 32. Rb4 Ra5 33. a4 g5 34. Kg3 h5 35. h4 Kg6 36. hxg5 fxg5 37. Rb6+ Kg7 38. Rb5 Rxa4 39. Rxg5+ Kh6 40. f4 Ra3 41. Re5 Ra6 42. Kh4 Kg6 43. Rxh5 1-0

[Event "Wuerttemberg-ch Seniors 18th"]
[Site "Freudenstadt"]
[Date "2006.05.07"]
[Round "4"]
[White "Richter, Helmut"]
[Black "Frank, Werner"]
[Result "1-0"]
[WhiteElo "1756"]
[BlackElo "1933"]
[PlyCount "55"]
[EventDate "2006.05.04"]
[EventType "swiss"]
[EventRounds "9"]
[EventCountry "GER"]
[SourceTitle "EXT 2007"]
[Source "ChessBase"]
[SourceDate "2006.11.23"]
[SourceVersion "1"]
[SourceVersionDate "2006.11.23"]
[SourceQuality "1"]

1. c4 g6 2. Nc3 Bg7 3. g3 Nf6 4. Bg2 0-0 5. e3 d6 6. Nge2 Nc6 7. d4 Bd7 8. 0-0 Rb8 9. b3 Qc8 10. Bb2 Bh3 11. Nf4 Bxg2 12. Kxg2 a6 13. Qe2 Re8 14. Nfd5 Nd7 15. Nf4 e5 16. dxe5 Ndxe5 17. Rad1 Qf5 18. e4 Qc8 19. Nfd5 Ne7 20. Nxe7+ Rxe7 21. Nd5 Re8 22. f4 Qg4 23. Qc2 Nc6 24. Bxg7 Kxg7 25. Qc3+ f6 26. Nxf6 Qe2+ 27. Kh1 Ne5 28. Nxe8+ 1-0

[Event "Staufer Seniors op 12th"]
[Site "Schwaebisch Gmuend"]
[Date "2006.01.08"]
[Round "9"]
[White "Jaeger, Hans"]
[Black "Frank, Werner"]
[Result "1/2-1/2"]
[WhiteElo "1863"]
[BlackElo "1974"]
[PlyCount "59"]
[EventDate "2006.01.02"]
[EventType "swiss"]
[EventRounds "9"]
[EventCountry "GER"]
[SourceTitle "EXT 2007"]
[Source "ChessBase"]
[SourceDate "2006.11.23"]
[SourceVersion "1"]
[SourceVersionDate "2006.11.23"]
[SourceQuality "1"]

1. e4 c5 2. Nf3 Nc6 3. c3 Nf6 4. e5 Nd5 5. d4 cxd4 6. cxd4 d6 7. exd6 Qxd6 8. Nc3 Bg4 9. Be2 e6 10. 0-0 Nxc3 11. bxc3 Be7 12. Re1 0-0 13. a4 Rfd8 14. h3 Bh5 15. Be3 Rac8 16. a5 Qc7 17. a6 b6 18. Ng5 Bg6 19. h4 h6 20. Nf3 Bf6 21. Qa4 Rd5 22. g3 Na5 23. Rac1 Nc4 24. Bf4 Qc6 25. Qxc6 Rxc6 26. Nd2 Nxd2 27. Bxd2 Rd8 28. Bf4 Rdc8 29. Bd2 e5 30. Bf3 1/2-1/2

[Event "Staufer Seniors op 11th"]
[Site "Schwaebisch Gmuend"]
[Date "2005.01.06"]
[Round "6"]
[White "Gerhardt, Peter Michael"]
[Black "Frank, Werner"]
[Result "1-0"]
[WhiteElo "2114"]
[BlackElo "1940"]
[PlyCount "69"]
[EventDate "2005.01.02"]
[EventType "swiss"]
[EventRounds "9"]
[EventCountry "GER"]
[SourceTitle "EXT 2007"]
[Source "ChessBase"]
[SourceDate "2006.11.23"]
[SourceVersion "1"]
[SourceVersionDate "2006.11.23"]
[SourceQuality "1"]

1. Nf3 d5 2. d4 c6 3. g3 Bf5 4. Nbd2 Nd7 5. Bg2 e6 6. 0-0 Bd6 7. c4 Ngf6 8. b3 Ne4 9. Nxe4 Bxe4 10. Bb2 h5 11. h4 f6 12. Nd2 Bxg2 13. Kxg2 g5 14. Rh1 Qe7 15. e4 0-0-0 16. hxg5 dxe4 17. Nxe4 h4 18. gxf6 Nxf6 19. Nxd6+ Qxd6 20. d5 e5 21. Qf3 hxg3 22. dxc6 gxf2 23. cxb7+ Kb8 24. Rxh8 Rxh8 25. Rh1 Rg8+ 26. Kf1 Ng4 27. Ke2 Qg6 28. Qd3 e4 29. Qd5 Re8 30. Ba3 Kc7 31. Bd6+ Qxd6 32. Rh7+ Qe7 33. Qc5+ Kd7 34. Rxe7+ Rxe7 35. Qc8+ 1-0

[Event "GER-chA Seniors 16th"]
[Site "Templin"]
[Date "2004.09.12"]
[Round "9"]
[White "Frank, Werner"]
[Black "Scholz, Herbert"]
[Result "0-1"]
[WhiteElo "1917"]
[BlackElo "1812"]
[PlyCount "48"]
[EventDate "2004.09.04"]
[EventType "swiss"]
[EventRounds "9"]
[EventCountry "GER"]
[SourceTitle "EXT 2005"]
[Source "ChessBase"]
[SourceDate "2004.11.15"]
[SourceVersion "1"]
[SourceVersionDate "2004.11.15"]
[SourceQuality "1"]

1. Nf3 Nf6 2. c4 b6 3. d4 e6 4. a3 Bb7 5. Nc3 d5 6. cxd5 Nxd5 7. e3 g6 8. Bd3 Bg7 9. e4 Nxc3 10. bxc3 0-0 11. h4 Nd7 12. h5 Re8 13. hxg6 fxg6 14. Bg5 Qc8 15. Qd2 c5 16. Bh6 Bh8 17. Rh4 Qc6 18. Ke2 Qa4 19. Be3 Rac8 20. Rah1 Nf8 21. Qa2 cxd4 22. Nxd4 Rxc3 23. Bb5 Ba6 24. Qb2 Bxd4 0-1

[Event "GER-chA Seniors 16th"]
[Site "Templin"]
[Date "2004.09.10"]
[Round "7"]
[White "Frank, Werner"]
[Black "Lainburg, Victor"]
[Result "0-1"]
[WhiteElo "2080"]
[BlackElo "2223"]
[PlyCount "86"]
[EventDate "2004.09.04"]
[EventType "swiss"]
[EventRounds "9"]
[EventCountry "GER"]
[SourceTitle "EXT 2005"]
[Source "ChessBase"]
[SourceDate "2004.11.15"]
[SourceVersion "1"]
[SourceVersionDate "2004.11.15"]
[SourceQuality "1"]

1. d4 d5 2. Nf3 Nc6 3. g3 Bf5 4. Bg2 e6 5. 0-0 Nf6 6. c3 Be7 7. Nbd2 h6 8. Ne5 Nxe5 9. dxe5 Nd7 10. c4 c6 11. cxd5 cxd5 12. Nf3 Be4 13. Qb3 Qb6 14. Be3 Bc5 15. Bxc5 Qxb3 16. axb3 Nxc5 17. Nd4 Bxg2 18. Kxg2 Ke7 19. Rfc1 Na6 20. Rc3 Rhc8 21. Rac1 Kd7 22. Nb5 Rxc3 23. Rxc3 f5 24. f4 b6 25. Nd4 Nb4 26. Kf3 a5 27. Nb5 Rc8 28. Rxc8 Kxc8 29. Ke3 Kd7 30. Nd4 Na6 31. Nc2 Nc5 32. b4 axb4 33. Nxb4 Na4 34. Nd3 Kc6 35. Nb4+ Kb5 36. Nc2 Kc4 37. b3+ Kc3 38. Nd4 Nc5 39. g4 fxg4 40. f5 exf5 41. e6 Nxe6 42. Nxe6 g5 43. Nd4 f4+ 0-1

[Event "GER-chA Seniors 16th"]
[Site "Templin"]
[Date "2004.09.09"]
[Round "6"]
[White "Ousatchi, Mark"]
[Black "Frank, Werner"]
[Result "1/2-1/2"]
[WhiteElo "1996"]
[BlackElo "1917"]
[PlyCount "147"]
[EventDate "2004.09.04"]
[EventType "swiss"]
[EventRounds "9"]
[EventCountry "GER"]
[SourceTitle "EXT 2005"]
[Source "ChessBase"]
[SourceDate "2004.11.15"]
[SourceVersion "1"]
[SourceVersionDate "2004.11.15"]
[SourceQuality "1"]

1. d4 d5 2. Nf3 c6 3. Nc3 Nf6 4. Bf4 Nbd7 5. e3 Nh5 6. Bd3 Nxf4 7. exf4 e6 8. 0-0 Bd6 9. f5 Nf6 10. Re1 0-0 11. fxe6 Bxe6 12. Ne5 Qc7 13. h3 a6 14. Nf3 h6 15. a3 Rfe8 16. Kh1 Nh5 17. Ne2 Qc8 18. Nfg1 Bb8 19. c3 Qc7 20. g3 Nf6 21. Kg2 Qd7 22. Qc2 Bc7 23. Rad1 Re7 24. Qc1 Rae8 25. Bb1 Bxh3+ 26. Nxh3 Rxe2 27. Rxe2 Rxe2 28. Ng1 Re7 29. Re1 Ne4 30. Re2 Nf6 31. Qe1 Bd6 32. Nf3 Rxe2 33. Qxe2 Qe7 34. Qxe7 Bxe7 35. Bf5 Ne8 36. Ne5 Nd6 37. Bd7 Kf8 38. Nd3 Bd8 39. Bg4 g5 40. Be2 Ke7 41. Ne5 Ke6 42. Bg4+ f5 43. Be2 g4 44. Nd3 Bg5 45. a4 h5 46. a5 h4 47. gxh4 Bxh4 48. f3 gxf3+ 49. Kxf3 Bg5 50. Bf1 Ke7 51. Nc5 Bc1 52. Nd3 Bd2 53. Nc5 Ne4 54. Nxb7 Bc1 55. Bxa6 Kd7 56. Nc5+ Nxc5 57. dxc5 Bxb2 58. Bd3 Bxc3 59. a6 Kc7 60. Bxf5 Bd4 61. Ke2 Bxc5 62. Kd2 Kd6 63. Bc8 Ba7 64. Kc3 c5 65. Bg4 c4 66. Kb4 Ke5 67. Bh5 Kd4 68. Bg6 Ke3 69. Kc3 Bc5 70. Bf7 Ke4 71. Bg6+ Ke5 72. Bf7 Kd6 73. Bg8 Bb6 74. Kb4 1/2-1/2

[Event "GER-chA Seniors 16th"]
[Site "Templin"]
[Date "2004.09.08"]
[Round "5"]
[White "Frank, Werner"]
[Black "Nautsch, Werner"]
[Result "0-1"]
[WhiteElo "2080"]
[BlackElo "2278"]
[PlyCount "74"]
[EventDate "2004.09.04"]
[EventType "swiss"]
[EventRounds "9"]
[EventCountry "GER"]
[SourceTitle "EXT 2005"]
[Source "ChessBase"]
[SourceDate "2004.11.15"]
[SourceVersion "1"]
[SourceVersionDate "2004.11.15"]
[SourceQuality "1"]

1. d4 g6 2. Nf3 Bg7 3. c4 d6 4. g3 Nf6 5. Bg2 0-0 6. 0-0 c6 7. h3 Qc7 8. Nc3 Nbd7 9. e4 a6 10. Be3 Rb8 11. Rc1 e5 12. Qc2 exd4 13. Bxd4 Ne5 14. Nd2 c5 15. Be3 b5 16. cxb5 axb5 17. f4 Nc6 18. Nf3 c4 19. a3 Re8 20. Qf2 b4 21. Nd5 Nxd5 22. exd5 Ne7 23. Nd4 Nf5 24. Nxf5 Bxf5 25. Bd4 Bd3 26. Rfe1 bxa3 27. Bxg7 Rxe1+ 28. Qxe1 axb2 29. Bxb2 Qb6+ 30. Qf2 Qxf2+ 31. Kxf2 Rxb2+ 32. Kg1 Rb3 33. Kf2 Rb2+ 34. Kg1 Kg7 35. g4 Kf6 36. Bf3 g5 37. Ra1 gxf4 0-1

[Event "Wuerttemberg-ch Seniors 16th"]
[Site "Freudenstadt"]
[Date "2004.05.10"]
[Round "9"]
[White "Oehlmann, Dieter"]
[Black "Frank, Werner"]
[Result "1-0"]
[WhiteElo "2026"]
[BlackElo "2097"]
[PlyCount "37"]
[EventDate "2004.05.02"]
[EventType "swiss"]
[EventRounds "9"]
[EventCountry "GER"]
[SourceTitle "EXT 2006"]
[Source "ChessBase"]
[SourceDate "2005.11.24"]
[SourceVersion "1"]
[SourceVersionDate "2005.11.24"]
[SourceQuality "1"]

1. Nf3 g6 2. g3 Bg7 3. Bg2 e5 4. d3 Ne7 5. e4 d6 6. Nc3 0-0 7. 0-0 h6 8. Be3 Be6 9. d4 Bc4 10. Re1 Nd7 11. Qd2 Kh7 12. Rad1 f5 13. dxe5 fxe4 14. exd6 cxd6 15. Nd4 d5 16. Ne6 Qa5 17. Nxf8+ Rxf8 18. Nxe4 Nf5 19. Qxa5 1-0

[Event "Wuerttemberg-ch Seniors 16th"]
[Site "Freudenstadt"]
[Date "2004.05.09"]
[Round "8"]
[White "Frank, Werner"]
[Black "Wilkes, Guenter W"]
[Result "1-0"]
[WhiteElo "2097"]
[BlackElo "1703"]
[PlyCount "53"]
[EventDate "2004.05.02"]
[EventType "swiss"]
[EventRounds "9"]
[EventCountry "GER"]
[SourceTitle "EXT 2006"]
[Source "ChessBase"]
[SourceDate "2005.11.24"]
[SourceVersion "1"]
[SourceVersionDate "2005.11.24"]
[SourceQuality "1"]

1. d4 g6 2. c4 Bg7 3. Nf3 Nf6 4. g3 0-0 5. Bg2 d6 6. 0-0 Nbd7 7. Qc2 c5 8. Rd1 Rb8 9. Nc3 a6 10. e4 Qc7 11. e5 dxe5 12. dxe5 Ne8 13. Nd5 Qd8 14. e6 fxe6 15. Nf4 Qb6 16. Ng5 Ndf6 17. Re1 Nc7 18. h4 e5 19. Rxe5 Nh5 20. Rxe7 Nxf4 21. Bxf4 Rxf4 22. gxf4 Bf5 23. Qe2 h6 24. Rxg7+ Kxg7 25. Qe7+ Kg8 26. Qf7+ Kh8 27. Qh7# 1-0

[Event "Wuerttemberg-ch Seniors 16th"]
[Site "Freudenstadt"]
[Date "2004.05.08"]
[Round "7"]
[White "Fels, Karl Heinz"]
[Black "Frank, Werner"]
[Result "1-0"]
[WhiteElo "1777"]
[BlackElo "2097"]
[PlyCount "61"]
[EventDate "2004.05.02"]
[EventType "swiss"]
[EventRounds "9"]
[EventCountry "GER"]
[SourceTitle "EXT 2006"]
[Source "ChessBase"]
[SourceDate "2005.11.24"]
[SourceVersion "1"]
[SourceVersionDate "2005.11.24"]
[SourceQuality "1"]

1. e4 c6 2. d4 d5 3. exd5 cxd5 4. c4 Nf6 5. Nc3 Nc6 6. Be3 g6 7. h3 Bg7 8. Nf3 h6 9. Qd2 Be6 10. c5 Ne4 11. Qc1 0-0 12. Bxh6 b6 13. Bxg7 Kxg7 14. Bb5 Rc8 15. Bxc6 Rxc6 16. b4 bxc5 17. Ne5 Rc8 18. dxc5 Nxc3 19. Qxc3 d4 20. Qd2 Qd5 21. Nf3 Rcd8 22. a3 Rh8 23. Rd1 Bxh3 24. Qxd4+ Qxd4 25. Rxd4 Bxg2 26. Rxh8 Rxh8 27. Ke2 Rh3 28. Rd3 Kf6 29. Ne1 Rxd3 30. Kxd3 Ke5 31. Nxg2 1-0

[Event "Wuerttemberg-ch Seniors 16th"]
[Site "Freudenstadt"]
[Date "2004.05.07"]
[Round "6"]
[White "Frank, Werner"]
[Black "Claus, Joachim"]
[Result "1-0"]
[WhiteElo "2097"]
[BlackElo "1997"]
[PlyCount "73"]
[EventDate "2004.05.02"]
[EventType "swiss"]
[EventRounds "9"]
[EventCountry "GER"]
[SourceTitle "EXT 2006"]
[Source "ChessBase"]
[SourceDate "2005.11.24"]
[SourceVersion "1"]
[SourceVersionDate "2005.11.24"]
[SourceQuality "1"]

1. Nf3 Nf6 2. c4 g6 3. g3 Bg7 4. Bg2 0-0 5. 0-0 c5 6. d4 cxd4 7. Nxd4 Nc6 8. Nc2 d6 9. Nc3 Be6 10. Nd5 Qc8 11. Rb1 Bh3 12. f3 Bxg2 13. Kxg2 Rd8 14. Bg5 Rd7 15. Bxf6 exf6 16. e4 Qe8 17. Nce3 Qe6 18. Rf2 Rc8 19. Rd2 Bh6 20. Ng4 Bg7 21. Qa4 h5 22. Nge3 Bh6 23. Re1 Bxe3 24. Rxe3 Kg7 25. Qa3 Rcd8 26. Qc3 Qe5 27. Qd3 Qe6 28. Qe2 Rh8 29. h3 g5 30. f4 Rh6 31. Rf3 g4 32. Rfd3 gxh3+ 33. Kh2 Qg4 34. Ne3 Qe6 35. Nf5+ Kg6 36. Rxd6 Rxd6 37. Rxd6 1-0

[Event "EU-ch Seniors 03rd"]
[Site "Saint Vincent"]
[Date "2003.09.22"]
[Round "6"]
[White "Frank, Werner"]
[Black "Kaminik, Aleksandar"]
[Result "0-1"]
[WhiteElo "2118"]
[BlackElo "2273"]
[PlyCount "60"]
[EventDate "2003.09.17"]
[EventType "swiss"]
[EventRounds "9"]
[EventCountry "ITA"]
[SourceTitle "CBM 096 Extra"]
[Source "ChessBase"]
[SourceDate "2003.10.22"]
[SourceVersion "2"]
[SourceVersionDate "2003.10.20"]
[SourceQuality "1"]

1. d4 Nf6 2. Nf3 g6 3. g3 Bg7 4. Bg2 0-0 5. 0-0 d6 6. c4 Nc6 7. h3 a6 8. Be3 Rb8 9. Qc1 Nd7 10. Nc3 e5 11. Rd1 exd4 12. Nxd4 Nde5 13. c5 Nxd4 14. Bxd4 Be6 15. cxd6 cxd6 16. f4 Nc4 17. Bxg7 Kxg7 18. Kh2 Qb6 19. Rd3 Nxb2 20. Qb1 Rfd8 21. Ne4 Na4 22. Qc2 d5 23. Qxa4 dxe4 24. Qxe4 Qb2 25. Rad1 Bf5 26. Qe5+ Qxe5 27. fxe5 Bxd3 28. exd3 Rd4 29. Be4 Rc8 30. Kg2 Rc5 0-1

[Event "GER North-ch Seniors 6th"]
[Site "Bad Bevensen"]
[Date "2003.06.23"]
[Round "3"]
[White "Frank, Werner"]
[Black "Johannsen, Ingbert"]
[Result "1/2-1/2"]
[WhiteElo "2163"]
[BlackElo "2084"]
[PlyCount "120"]
[EventDate "2003.06.??"]
[EventType "swiss"]
[EventRounds "9"]
[EventCountry "GER"]
[SourceTitle "EXT 2006"]
[Source "ChessBase"]
[SourceDate "2005.11.24"]
[SourceVersion "1"]
[SourceVersionDate "2005.11.24"]
[SourceQuality "1"]

1. d4 e6 2. Nf3 Nf6 3. c4 d5 4. Nc3 Be7 5. Bf4 c6 6. e3 Nbd7 7. Bd3 dxc4 8. Bxc4 Nh5 9. Bg3 Nxg3 10. hxg3 Qa5 11. Bd3 Bb4 12. 0-0 Bxc3 13. bxc3 Qxc3 14. Rc1 Qa5 15. e4 0-0 16. e5 f5 17. g4 Qd8 18. gxf5 exf5 19. Re1 Nb6 20. Qb3+ Kh8 21. a4 Qe7 22. a5 Be6 23. Qb2 Nd5 24. Rc5 Nf4 25. Qd2 g5 26. Bc4 Rad8 27. Rc1 Rd7 28. a6 Bd5 29. Bxd5 cxd5 30. axb7 Rxb7 31. Rc8 Rxc8 32. Rxc8+ Kg7 33. Qc2 Ne6 34. Qxf5 Rb6 35. Qg4 h6 36. Nh4 Qf7 37. Nf5+ Kg6 38. Nd6 Rb1+ 39. Kh2 Qf4+ 40. Qxf4 gxf4 41. Rg8+ Kh7 42. Ra8 Nxd4 43. Rxa7+ Kg6 44. Ra5 Rd1 45. Kh3 Kg5 46. g3 fxg3 47. Kxg3 Rd3+ 48. Kg2 Nc6 49. Ra4 d4 50. Nf7+ Kf4 51. e6 h5 52. Rc4 Rc3 53. Rxd4+ Kf5 54. Nd8 Rc5 55. Nxc6 Rxc6 56. e7 Re6 57. Rd7 Kf6 58. Kg3 Kf7 59. Kh4 Ke8 60. Ra7 Rf6 1/2-1/2

[Event "Nuremberg-ch op 03rd"]
[Site "Nuremberg"]
[Date "2003.05.31"]
[Round "2"]
[White "Frank, Werner"]
[Black "Willim, Michael"]
[Result "1/2-1/2"]
[WhiteElo "1877"]
[BlackElo "2057"]
[PlyCount "113"]
[EventDate "2003.05.30"]
[EventType "swiss"]
[EventRounds "5"]
[EventCountry "GER"]
[SourceTitle "EXT 2006"]
[Source "ChessBase"]
[SourceDate "2005.11.24"]
[SourceVersion "1"]
[SourceVersionDate "2005.11.24"]
[SourceQuality "1"]

1. d4 e6 2. Bf4 c5 3. e3 Qb6 4. Na3 cxd4 5. Nb5 Na6 6. Qxd4 Qxd4 7. exd4 Nf6 8. Be2 Be7 9. Bf3 d5 10. Ne2 0-0 11. c3 Bd7 12. a4 Bc6 13. Nc1 Nd7 14. Nd3 Rfc8 15. Ne5 Nb6 16. Be2 Bxb5 17. Bxb5 f6 18. Nd3 Nc7 19. Bxc7 Rxc7 20. Nf4 Kf7 21. 0-0 Bd6 22. a5 Nc4 23. Bxc4 Rxc4 24. Ne2 Rac8 25. f4 Ke7 26. g3 a6 27. Nc1 e5 28. fxe5 fxe5 29. dxe5 Bxe5 30. Nd3 Bf6 31. Rae1+ Kd6 32. Rd1 Ra4 33. Rfe1 Rxa5 34. Re2 Kc7 35. Nf4 Kd6 36. Re6+ Kd7 37. Re2 d4 38. cxd4 Rc4 39. Red2 Kd6 40. Kf2 Bg5 41. Kf3 Rb5 42. Re2 Rb3+ 43. Ke4 Rc7 44. Nd3 Re7+ 45. Ne5 g6 46. Rd3 Rxd3 47. Kxd3 Kd5 48. Rf2 Bh6 49. Rc2 Bg7 50. Rc5+ Ke6 51. Nf3 Rd7 52. Ke4 h6 53. b3 g5 54. g4 Rf7 55. Rf5 Rc7 56. Rc5 Rxc5 57. dxc5 1/2-1/2